Proces vzniku a vývoja podnikateľskej stratégie bakalárska práca

Gespeichert in:
Bibliographische Detailangaben
1. Verfasser: Oško, Pavol
Körperschaft: Fakulta podnikového manažmentu EU. Katedra manažmentu
Weitere Verfasser: Vogl, Michaela
Format: Buch
Sprache:Slowakisch
Veröffentlicht: Bratislava 2009
Tags: Tag hinzufügen
Keine Tags, Fügen Sie das erste Tag hinzu!

MARC

LEADER 00000nam$a2200000$$$4500
001 0103279
005 20240320075344.9
041 0 |a slo 
044 |a SK 
245 1 0 |a Proces vzniku a vývoja podnikateľskej stratégie  |b bakalárska práca  |c Pavol Oško ; škol. Michaela Vogl 
264 1 |a Bratislava  |c 2009 
300 |a 42 s. 
100 1 |a Oško, Pavol 
700 1 |a Vogl, Michaela 
710 2 |a Fakulta podnikového manažmentu EU. Katedra manažmentu